000 00608nam a2200193 i 4500
001 31476
003 ES-MaACL
005 20230906154403.0
007 t|
008 030129s1973 sp ||||1| spa d
100 1 _aBaulieu, E.
_926574
245 1 0 _aGlándulas endocrinas /
_cE. Baulieu, H. Bricaire, J. Leprat ; versión... José Mª Tresánchez Trías.
260 _aBarcelona :
_bEspaxs,
_c[1973]
300 _a374 p. :
_bil. ;
_c26 cm.
700 1 _aBricaire, H.
_931678
700 1 _aLeprat, J.
_971733
700 1 _aTresánchez Trías, José María.
_9111325
852 _aES-MaACL
_jC-55545
_bR.88276
999 _c31476
_d31476